[Event "Tournament 14472 - Europe Echecs"]
[Site "Europe Echecs"]
[Date "2020.07.10"]
[Round "7"]
[Time "17:16:57"]
[PlyCount "135"]
[White "RenaudinAxelle"]
[Black "ValleeLouis"]
[WhiteElo "1526"]
[BlackElo "1864"]
[Mode "WEB"]
[Result "0-1"]

1. Nf3 d5 2. c4 c6 3. b3 Nf6 4. Bb2 Nbd7 5. e3 e6 6. d4 Bd6 7. Bd3 O-O 8. Nc3 b6
9. O-O Bb7 10. Rc1 c5 11. cxd5 Nxd5 12. Nxd5 Bxd5 13. dxc5 Nxc5 14. Be2 Rc8 15.
Qd4 f6 16. Rfd1 Qe7 17. b4 Ne4 18. Rxc8 Rxc8 19. Bd3 Ng5 20. Nxg5 fxg5 21. Ba6
Rc2 22. a3 Qf7 23. Rd2 Be5 24. Rxc2 Bxd4 25. Rc8+ Qf8 26. Rxf8+ Kxf8 27. Bxd4 g6
28. Kf1 g4 29. g3 Bf3 30. Ke1 h5 31. Kd2 Ke7 32. Kd3 Bg2 33. Be5 Bf1+ 34. Ke4
Bxa6 35. Kf4 Bd3 36. a4 Kd7 37. Bb8 a5 38. bxa5 bxa5 39. Be5 Kc6 40. Bc3 Kb6 41.
Ke5 Bc2 42. Kxe6 Bxa4 43. e4 Bc2 44. e5 a4 45. Bb2 Kc5 46. Kd7 Bf5+ 47. e6 Kd5
48. Ba3 Bxe6+ 49. Ke7 Bf5 50. Kf6 Kc4 51. Kg5 Kb3 52. Be7 a3 53. Bxa3 Kxa3 54.
Kf4 Kb4 55. Kg5 Kc3 56. Kf4 Kd2 57. f3 gxf3 58. Kxf3 Ke1 59. Kg2 Ke2 60. Kg1 Kf3
61. Kf1 g5 62. Kg1 Be4 63. Kf1 Kg4 64. Kf2 Kh3 65. Kg1 Bg2 66. g4 hxg4 67. Kf2
Kxh2 {RenaudinAxelle a abandonné} 0-1

[Event "Tournament 14472 - Europe Echecs"]
[Site "Europe Echecs"]
[Date "2020.07.10"]
[Round "7"]
[Time "17:16:57"]
[PlyCount "131"]
[White "GuignardJonath"]
[Black "KuhnMathilde"]
[WhiteElo "1523"]
[BlackElo "1764"]
[Mode "WEB"]
[Result "0-1"]

1. d4 Nf6 2. c4 e6 3. Nc3 Bb4 4. Qc2 d5 5. cxd5 exd5 6. Bg5 h6 7. Bxf6 Qxf6 8.
a3 Bxc3+ 9. Qxc3 c6 10. e3 O-O 11. Bd3 Bf5 12. Nf3 Bxd3 13. Qxd3 Nd7 14. O-O Qd6
15. b4 Nb6 16. Rfc1 Nc4 17. Nd2 b5 18. Nb3 f5 19. Nc5 f4 20. Rf1 Rae8 21. Rae1
fxe3 22. fxe3 Rxf1+ 23. Rxf1 Rxe3 24. Qf5 Qe7 25. Qc8+ Qe8 26. Qxe8+ Rxe8 27.
Kf2 Rf8+ 28. Ke2 Rxf1 29. Kxf1 Nxa3 30. Ke2 Nc2 31. Kd3 Nxb4+ 32. Kc3 a5 33. Nb7
Na6 34. Nxa5 c5 35. dxc5 Nxc5 36. Kd4 Na4 37. Kxd5 Kf7 38. Nc6 Kf6 39. Nb4 Kg5
40. Kc6 Nc3 41. Kc5 Kf4 42. Kd4 Ne2+ 43. Kd3 Nc1+ 44. Kd2 Nb3+ 45. Kc3 Nc5 46.
Nc2 g5 47. Kb4 Nd3+ 48. Kxb5 Nf2 49. Kc4 Ng4 50. Kd3 Nxh2 51. Ke2 Kg3 52. Ne3
Ng4 53. Nxg4 Kxg4 54. Kf2 Kf4 55. g3+ Kg4 56. Kg2 h5 57. Kh2 Kf3 58. Kh3 g4+ 59.
Kh4 Kg2 60. Kxh5 Kxg3 61. Kg5 Kh3 62. Kf4 g3 63. Kf3 Kh2 64. Ke2 g2 65. Kf3 g1=Q {GuignardJonath a abandonné} 0-1

[Event "Tournament 14472 - Europe Echecs"]
[Site "Europe Echecs"]
[Date "2020.07.10"]
[Round "7"]
[Time "17:16:57"]
[PlyCount "113"]
[White "DevezeArmand"]
[Black "LonckeMatthieu"]
[WhiteElo "1425"]
[BlackElo "1726"]
[Mode "WEB"]
[Result "0-1"]

1. d4 d5 2. Nf3 Nf6 3. e3 c6 4. Nbd2 Bf5 5. c4 e6 6. Qb3 Qc7 7. Be2 Nbd7 8. O-O
Bd6 9. c5 Be7 10. Qd1 O-O 11. b4 Ne4 12. Bb2 a6 13. Rc1 Bf6 14. Nb3 h6 15. Ne1
Bg5 16. f4 Be7 17. Nf3 Bg4 18. Ne5 Bxe2 19. Qxe2 Nxe5 20. dxe5 g6 21. Rf3 Kg7
22. Rh3 h5 23. Bd4 Rh8 24. Rf1 Rag8 25. Nd2 Qd8 26. Rff3 Qd7 27. Nxe4 dxe4 28.
Rfg3 Kf8 29. f5 exf5 30. e6 Qxe6 31. Bxh8 Rxh8 32. Kf2 Qd5 33. Qb2 Rg8 34. Qd4
Qxa2+ 35. Kf1 Qe6 36. Qd1 Bf6 37. Qd6+ Qxd6 38. cxd6 Rh8 39. Rf3 exf3 40. Rxf3
Be5 41. d7 Ke7 42. Rf2 Rd8 43. h3 Rxd7 44. Re2 Bg3 45. Rc2 Bd6 46. Rb2 Be5 47.
Rb3 Rd2 48. Kg1 Rb2 49. Rd3 Rxb4 50. Kf2 Rb2+ 51. Kf3 a5 52. Ra3 b6 53. g3 Rc2
54. Rb3 b5 55. Rb1 a4 56. Ra1 Bxa1 {DevezeArmand a abandonné} 0-1

[Event "Tournament 14472 - Europe Echecs"]
[Site "Europe Echecs"]
[Date "2020.07.10"]
[Round "7"]
[Time "17:16:57"]
[PlyCount "107"]
[White "MartellierChar"]
[Black "SureauCorentin"]
[WhiteElo "1468"]
[BlackElo "1686"]
[Mode "WEB"]
[Result "0-1"]

1. Nf3 d5 2. d4 Nf6 3. c4 c6 4. cxd5 cxd5 5. Nc3 Bf5 6. Bf4 Nc6 7. e3 e6 8. Qa4
a6 9. Ne5 Qb6 10. Qb3 Qxb3 11. axb3 Nb4 12. Kd2 Be7 13. Nd3 O-O 14. Nxb4 Bxb4
15. Bd3 Ne4+ 16. Bxe4 Bxe4 17. f3 Bg6 18. g4 Rac8 19. h4 h5 20. Rac1 Rc6 21.
Rhg1 Rfc8 22. Bg3 Rb6 23. gxh5 Bxh5 24. Ke2 Be7 25. Na4 Rxc1 26. Rxc1 Rxb3 27.
Rc8+ Kh7 28. Rc7 b5 29. Rxe7 bxa4 30. Ra7 Rxb2+ 31. Kd3 Bxf3 32. Rxf7 Kg6 33.
Rxf3 a3 34. Kc3 Rb1 35. Rf2 Kh5 36. Bd6 Ra1 37. Kb3 Kxh4 38. Bxa3 Re1 39. Rf3 a5
40. Ka4 Ra1 41. Kb3 Kg4 42. Rf7 g5 43. Re7 Kf5 44. Rf7+ Ke4 45. Rf6 Kxe3 46.
Rxe6+ Kxd4 47. Rg6 Rg1 48. Ka4 Rg3 49. Bb2+ Kc4 50. Kxa5 d4 51. Bc1 g4 52. Bf4
Rg2 53. Ka4 Ra2# {MartellierChar est échec et mat} 0-1

[Event "Tournament 14472 - Europe Echecs"]
[Site "Europe Echecs"]
[Date "2020.07.10"]
[Round "7"]
[Time "17:16:57"]
[PlyCount "132"]
[White "CourcelleVicto"]
[Black "BretonVadim"]
[WhiteElo "1314"]
[BlackElo "1669"]
[Mode "WEB"]
[Result "1-0"]

1. c4 e5 2. Nc3 Nf6 3. Nf3 Nc6 4. e3 d5 5. cxd5 Nxd5 6. d4 Nxc3 7. bxc3 e4 8.
Nd2 f5 9. Bb5 Qf6 10. O-O Bd7 11. d5 Ne5 12. Bxd7+ Nxd7 13. f4 Nb6 14. Rb1 O-O-O
15. Bb2 Nxd5 16. c4 Nc3 17. Qc2 Bb4 18. a3 Ne2+ 19. Kf2 Bc3 20. Kxe2 Bxb2 21.
Qxb2 Qc6 22. Qb5 Rd6 23. Qxc6 bxc6 24. Rb2 Rhd8 25. Rfb1 Rd3 26. Rb8+ Kd7 27.
Rxd8+ Kxd8 28. Rb3 Rd6 29. g4 g6 30. Nxe4 fxe4 31. Kf2 Rd2+ 32. Kg3 Ke7 33. Rb7
Kd6 34. Rxa7 Re2 35. f5 gxf5 36. gxf5 Rxe3+ 37. Kf4 Re1 38. c5+ Kxc5 39. Rxc7 e3
40. Rxh7 e2 41. Kf3 Rf1+ 42. Kxe2 Rxf5 43. h4 Kb5 44. h5 Ka4 45. h6 Kxa3 46. Rh8
Kb4 47. h7 c5 48. Rb8+ Kc4 49. h8=Q Re5+ 50. Kf3 Rf5+ 51. Kg4 Rd5 52. Qg8 Kd4
53. Qg7+ Kc4 54. Qf7 Kd4 55. Qf6+ Kc4 56. Qe6 Kd4 57. Rb1 Re5 58. Rd1+ Ke4 59.
Re1+ Kd3 60. Qxe5 c4 61. Qd5+ Kc3 62. Rc1+ Kb2 63. Qxc4 Ka3 64. Ra1+ Kb2 65.
Ra2+ Kb1 66. Qc2# {BretonVadim est échec et mat} 1-0

[Event "Tournament 14472 - Europe Echecs"]
[Site "Europe Echecs"]
[Date "2020.07.10"]
[Round "7"]
[Time "17:16:57"]
[PlyCount "61"]
[White "WuClara"]
[Black "HasslerTim"]
[WhiteElo "1403"]
[BlackElo "1933"]
[Mode "WEB"]
[Result "0-1"]

1. d4 e6 2. c4 d5 3. Nf3 c5 4. g3 Nc6 5. Bg2 Nf6 6. O-O dxc4 7. dxc5 Qxd1 8.
Rxd1 Bxc5 9. Nc3 e5 10. Bg5 Be6 11. Bxf6 gxf6 12. Ne4 Be7 13. Rac1 O-O 14. Ned2
Na5 15. Bf1 Rac8 16. e3 b5 17. Ne4 Rfd8 18. a3 Nb3 19. Rxd8+ Rxd8 20. Rc3 h6 21.
Rc2 Bf5 22. Nxf6+ Bxf6 23. Re2 Bg4 24. Nh4 Bxh4 25. gxh4 Rd1 26. Kg2 Bxe2 27.
Bxe2 Rd2 28. Bf3 Nc5 29. Bc6 a6 30. Be4 Nxe4 {WuClara a abandonné} 0-1

[Event "Tournament 14472 - Europe Echecs"]
[Site "Europe Echecs"]
[Date "2020.07.10"]
[Round "7"]
[Time "17:16:57"]
[PlyCount "54"]
[White "TallecNolann"]
[Black "SansoneAdam"]
[WhiteElo "1400"]
[BlackElo "1776"]
[Mode "WEB"]
[Result "1-0"]

1. d4 d5 2. Bf4 Nf6 3. e3 Bf5 4. Nf3 e6 5. Be2 h6 6. O-O Be7 7. Nbd2 O-O 8. c4
Nh5 9. Qb3 Nxf4 10. exf4 dxc4 11. Nxc4 b6 12. Nce5 Be4 13. Rfd1 Bd5 14. Qc3 f6
15. Nd3 Nc6 16. f5 exf5 17. Nf4 Bb4 18. Qc2 Be4 19. Qc4+ Kh7 20. Ne6 Qd6 21.
Nxf8+ Qxf8 22. d5 Bxf3 23. Bxf3 Ne5 24. Qf4 Nxf3+ 25. Qxf3 g6 26. a3 Bd6 27. Re1 {SansoneAdam a perdu au temps} 1-0

[Event "Tournament 14472 - Europe Echecs"]
[Site "Europe Echecs"]
[Date "2020.07.10"]
[Round "7"]
[Time "17:16:57"]
[PlyCount "166"]
[White "GrimaultLeane"]
[Black "BelGirardotCha"]
[WhiteElo "1622"]
[BlackElo "1361"]
[Mode "WEB"]
[Result "1-0"]

1. c4 e6 2. g3 Nf6 3. Bg2 d5 4. Nf3 Be7 5. O-O O-O 6. b3 dxc4 7. bxc4 c6 8. Bb2
Nbd7 9. Nc3 Nb6 10. d3 Qc7 11. Rc1 Rd8 12. Qc2 Bd7 13. h3 c5 14. a4 Bc6 15. Nb5
Bxb5 16. axb5 h6 17. Be5 Qd7 18. Bb2 a5 19. Ra1 a4 20. Ba3 Nh7 21. Nd2 Bf6 22.
Ra2 Qc7 23. Ne4 Be7 24. Nc3 Nf8 25. Bb2 Bf6 26. Rb1 Bxc3 27. Qxc3 f6 28. Qd2 e5
29. Ba3 Ne6 30. Qe3 Nd4 31. Qe4 Ra7 32. Qg6 Ne6 33. Bc1 Nf8 34. Qg4 Kh8 35. Ba3
Rd4 36. Qf3 Ne6 37. Qf5 Qd7 38. Be4 Nf8 39. Qxd7 Nfxd7 40. Bf5 Ra8 41. Rba1 Kg8
42. Bxd7 Nxd7 43. Bb2 Rd6 44. Rxa4 Rxa4 45. Rxa4 Nb6 46. Ra7 Rd7 47. Ba3 Rc7 48.
Kg2 Kf7 49. Kf3 Ke6 50. Bb2 Nd7 51. Bc3 Nf8 52. Ba5 Rd7 53. Bb6 Kd6 54. Ra8 Ne6
55. Rc8 Nd4+ 56. Ke3 Nf5+ 57. Kd2 Ne7 58. Bxc5+ Ke6 59. Bxe7 Kxe7 60. Rg8 Ke6
61. Ke3 b6 62. Rb8 Rd6 63. Rb7 g5 64. Ke4 f5+ 65. Ke3 f4+ 66. gxf4 gxf4+ 67. Kf3
Kf5 68. e3 Rxd3 69. Rxb6 fxe3 70. fxe3 e4+ 71. Ke2 Rc3 72. Rc6 Rc2+ 73. Ke1 h5
74. b6 Rb2 75. c5 Ke5 76. Rc7 Kd5 77. b7 Kc4 78. c6 Kd3 79. Rc8 Kxe3 80. b8=Q
Re2+ 81. Kd1 Ra2 82. Qb6+ Kd3 83. Qb5+ {BelGirardotCha a abandonné} 1-0

[Event "Tournament 14472 - Europe Echecs"]
[Site "Europe Echecs"]
[Date "2020.07.10"]
[Round "7"]
[Time "17:16:57"]
[PlyCount "161"]
[White "ChevillonManon"]
[Black "LaposteNicolas"]
[WhiteElo "1356"]
[BlackElo "1616"]
[Mode "WEB"]
[Result "0-1"]

1. e4 e5 2. Nf3 Nc6 3. Bc4 Bc5 4. Nc3 d6 5. d3 Bg4 6. Be3 Bb6 7. h3 Bh5 8. Qd2
Bxf3 9. gxf3 Nf6 10. O-O-O Qe7 11. Kb1 Nd4 12. Bxd4 Bxd4 13. Rhg1 g6 14. Rdf1 c6
15. Ne2 a5 16. Nxd4 exd4 17. a3 b5 18. Ba2 Kd7 19. c3 c5 20. cxd4 cxd4 21. Rc1
Rhc8 22. Rxc8 Kxc8 23. Rc1+ Kd8 24. Re1 Nd7 25. Bd5 Ra7 26. Qh6 Nf6 27. Qg5 h6
28. Qd2 Qe5 29. Ba2 Qe7 30. Qxh6 b4 31. axb4 axb4 32. Qh8+ Ne8 33. Qxd4 Rb7 34.
Qc4 f6 35. Rc1 Nc7 36. Bb3 Qe8 37. Qg8 Qxg8 38. Bxg8 g5 39. Rh1 Nb5 40. h4 Rg7
41. Bc4 Nd4 42. hxg5 fxg5 43. Rh3 Ke7 44. Rg3 Ne2 45. Rg2 Nf4 46. Rg3 Kf6 47.
Kc2 Ke5 48. Kb3 Kd4 49. Kxb4 Nxd3+ 50. Bxd3 Kxd3 51. Ka4 Ke2 52. Rg1 Kxf2 53.
Rd1 Rg6 54. Rd3 Ke2 55. Rd4 Kxf3 56. b4 g4 57. b5 g3 58. b6 g2 59. Rd1 Kf2 60.
b7 Rg8 61. Ka5 g1=Q 62. Rxg1 Kxg1 63. Ka6 Kf2 64. Ka7 Ke3 65. b8=Q Rxb8 66. Kxb8
Kxe4 67. Kc7 d5 68. Kc6 d4 69. Kc5 d3 70. Kc6 d2 71. Kc5 d1=Q 72. Kc6 Qd4 73.
Kb5 Qc3 74. Kb6 Qc4 75. Kb7 Qc5 76. Ka6 Qb4 77. Ka7 Qb5 78. Ka8 Kd5 79. Ka7 Kc6
80. Ka8 Qb7# {ChevillonManon est échec et mat} 0-1

[Event "Tournament 14472 - Europe Echecs"]
[Site "Europe Echecs"]
[Date "2020.07.10"]
[Round "7"]
[Time "17:16:57"]
[PlyCount "39"]
[White "GrallKaelan"]
[Black "DevizaAndrei"]
[WhiteElo "1577"]
[BlackElo "1379"]
[Mode "WEB"]
[Result "0-1"]

1. d4 Nf6 2. Bf4 g6 3. e3 Bg7 4. Nf3 d5 5. c4 c6 6. Nc3 O-O 7. Be2 Be6 8. O-O
dxc4 9. Ng5 Bd5 10. f3 h6 11. Nh3 Be6 12. Ne4 Qd7 13. Nc5 Qc8 14. Nxe6 Qxe6 15.
Bxb8 Raxb8 16. Nf4 Qxe3+ 17. Kh1 Qxf4 18. Bxc4 Rbd8 19. Re1 Rxd4 {GrallKaelan a abandonné} 0-1

[Event "Tournament 14472 - Europe Echecs"]
[Site "Europe Echecs"]
[Date "2020.07.10"]
[Round "7"]
[Time "17:16:57"]
[PlyCount "86"]
[White "CheminadePauli"]
[Black "TomasMaureen"]
[WhiteElo "1306"]
[BlackElo "1468"]
[Mode "WEB"]
[Result "1/2-1/2"]

1. e4 e5 2. Nf3 Nc6 3. Bc4 Bc5 4. d3 Nf6 5. Nc3 O-O 6. Bg5 h6 7. Bh4 Be7 8. Bxf6
Bxf6 9. Nd5 d6 10. Nxf6+ Qxf6 11. h3 Be6 12. Bxe6 Qxe6 13. Qd2 a6 14. O-O Rfe8
15. Nh4 Ne7 16. f4 exf4 17. Qxf4 Ng6 18. Nxg6 Qxg6 19. Qf5 Qxf5 20. Rxf5 Re6 21.
Raf1 Rf8 22. g4 Re5 23. Rxe5 dxe5 24. Rf5 f6 25. Kg2 Rd8 26. h4 Rd6 27. g5 hxg5
28. hxg5 Kf7 29. gxf6 gxf6 30. Kf3 Rc6 31. c3 Rd6 32. Ke3 Rb6 33. b4 Rc6 34. Kd2
b6 35. Rh5 Ke6 36. Rh8 b5 37. Kc2 Rd6 38. Rc8 Rc6 39. Rd8 Rd6 40. Rc8 Rc6 41.
Rd8 Ke7 42. Rh8 Ke6 43. Rd8 {Nulle par répétition} 1/2-1/2

[Event "Tournament 14472 - Europe Echecs"]
[Site "Europe Echecs"]
[Date "2020.07.10"]
[Round "7"]
[Time "17:16:57"]
[PlyCount "56"]
[White "GalhaudVictor"]
[Black "ElsadigBashirH"]
[WhiteElo "1446"]
[BlackElo "1298"]
[Mode "WEB"]
[Result "1-0"]

1. Nf3 d5 2. c4 e6 3. e3 Nf6 4. Nc3 Be7 5. d4 O-O 6. b3 Nbd7 7. Bb2 a6 8. Bd3
dxc4 9. bxc4 c5 10. Ne4 Nxe4 11. Bxe4 Nf6 12. Bc2 cxd4 13. Nxd4 e5 14. Nb3 Qc7
15. O-O Be6 16. Bd3 Rfd8 17. Qe2 e4 18. Bb1 Bxc4 19. Qc2 Rac8 20. Rc1 Bxb3 21.
axb3 Qb6 22. Qxc8 Rxc8 23. Rxc8+ Bf8 24. Ba3 Nd7 25. Bxe4 Qxb3 26. Bf5 Qb4 27.
Bxb4 Nc5 28. Bxc5 {ElsadigBashirH a abandonné} 1-0

[Event "Tournament 14472 - Europe Echecs"]
[Site "Europe Echecs"]
[Date "2020.07.10"]
[Round "7"]
[Time "17:16:57"]
[PlyCount "109"]
[White "ReynaudAntoine"]
[Black "JaulinVincent"]
[WhiteElo "1231"]
[BlackElo "1438"]
[Mode "WEB"]
[Result "0-1"]

1. e4 e5 2. Nf3 Nc6 3. Bc4 Be7 4. Nc3 Nf6 5. d3 O-O 6. h3 d6 7. Be3 Kh8 8. a3
Ne8 9. Nd5 f5 10. Nxe7 Qxe7 11. Bg5 Nf6 12. exf5 Bxf5 13. g4 Bg6 14. Qe2 e4 15.
dxe4 Bxe4 16. O-O-O Qe8 17. Bxf6 Rxf6 18. Rhe1 Bg6 19. Nh4 Qxe2 20. Nxg6+ hxg6
21. Rxe2 Raf8 22. Re7 Nxe7 23. Re1 Nc6 24. Bd3 Ne5 25. Be4 Rxf2 26. Bxb7 Rf1 27.
Kd1 Rxe1+ 28. Kxe1 Nc4 29. b3 Nxa3 30. Be4 Re8 31. Kd2 Rxe4 32. c4 c6 33. Kc3 d5
34. Kb2 dxc4 35. Kxa3 cxb3 36. Kxb3 Re3+ 37. Kc4 Rxh3 38. Kc5 Rg3 39. Kxc6 Rxg4
40. Kb7 Rc4 41. Kxa7 g5 42. Kb6 g4 43. Kb5 Rc8 44. Kb6 g3 45. Kb7 Rc1 46. Kb6 g2
47. Kb5 g1=Q 48. Kb4 Qb6+ 49. Ka3 g6 50. Ka2 g5 51. Ka3 g4 52. Ka2 g3 53. Ka3 g2
54. Ka2 g1=R {ReynaudAntoine a perdu au temps} 0-1

[Event "Tournament 14472 - Europe Echecs"]
[Site "Europe Echecs"]
[Date "2020.07.10"]
[Round "7"]
[Time "17:16:57"]
[PlyCount "57"]
[White "JamaliElias"]
[Black "BaylacAlison"]
[WhiteElo "1434"]
[BlackElo "1199"]
[Mode "WEB"]
[Result "0-1"]

1. e4 e5 2. Nf3 Nc6 3. Bc4 Bc5 4. d3 Nf6 5. O-O O-O 6. Bg5 h6 7. Bh4 d6 8. h3
Nd4 9. Nc3 c6 10. Na4 b5 11. Nxc5 bxc4 12. Nxd4 exd4 13. Na4 Bd7 14. dxc4 c5 15.
b3 g5 16. Bg3 Bxa4 17. bxa4 Nxe4 18. Bh2 Nc3 19. Qh5 Kh7 20. f4 Ne4 21. fxg5
Qxg5 22. Rxf7+ Rxf7 23. Qxf7+ Qg7 24. Qd5 Re8 25. Rf1 Re7 26. Bxd6 Nxd6 27. Qxd6
Re2 28. Qxc5 Qxg2# {JamaliElias est échec et mat} 0-1

[Event "Tournament 14472 - Europe Echecs"]
[Site "Europe Echecs"]
[Date "2020.07.10"]
[Round "7"]
[Time "17:16:57"]
[PlyCount "128"]
[White "EboueIhona"]
[Black "PhambanienJacq"]
[WhiteElo "1429"]
[BlackElo "1204"]
[Mode "WEB"]
[Result "1-0"]

1. d4 Nf6 2. Bf4 e6 3. e3 d5 4. Nf3 c5 5. c3 Nc6 6. Bd3 Bd6 7. Bg3 O-O 8. Nbd2
a6 9. Rc1 b5 10. O-O Bb7 11. a4 b4 12. c4 cxd4 13. exd4 a5 14. c5 Bxg3 15. hxg3
Re8 16. Re1 Nd7 17. Qc2 g6 18. b3 e5 19. dxe5 Ndxe5 20. Bb5 Nxf3+ 21. Nxf3 Rc8
22. Qd3 Re6 23. Nd4 Nxd4 24. Qxd4 Qe7 25. Rxe6 Qxe6 26. Kf1 Qe4 27. Qd2 d4 28.
f3 Qe3 29. Qxe3 dxe3 30. c6 Ba8 31. Ke2 Kf8 32. c7 Ke7 33. Ba6 Kd7 34. Bxc8+
Kxc8 35. Kxe3 Bd5 36. Rc5 Bxb3 37. Rxa5 Be6 38. Rb5 b3 39. a5 Kxc7 40. Rb4 Kc6
41. Kd4 Bd5 42. a6 Kd6 43. a7 Ke6 44. Rb5 b2 45. Rxb2 Ba8 46. Rb8 Bc6 47. a8=Q
Bxa8 48. Rxa8 f5 49. Rh8 Kf6 50. Rxh7 g5 51. f4 Kg6 52. Ra7 Kf6 53. Ra6+ Kg7 54.
fxg5 Kf7 55. Rf6+ Kg7 56. Rxf5 Kg6 57. Ra5 Kh5 58. Ra2 Kg6 59. Rf2 Kxg5 60. Ke4
Kg4 61. Rf8 Kxg3 62. Rg8+ Kh4 63. Kf5 Kh5 64. Rh8# {PhambanienJacq est échec et mat} 1-0

[Event "Tournament 14472 - Europe Echecs"]
[Site "Europe Echecs"]
[Date "2020.07.10"]
[Round "7"]
[Time "17:16:57"]
[PlyCount "39"]
[White "GavilaQuentin"]
[Black "StajkovskiStef"]
[WhiteElo "1199"]
[BlackElo "1428"]
[Mode "WEB"]
[Result "0-1"]

1. e4 e6 2. Nf3 d5 3. exd5 exd5 4. d4 Bg4 5. Qe2+ Qe7 6. Be3 Nc6 7. Qb5 O-O-O 8.
Nc3 Bxf3 9. gxf3 Nxd4 10. Nxd5 Nxf3+ 11. Ke2 Nd4+ 12. Ke1 Nxc2+ 13. Ke2 Nd4+ 14.
Ke1 Qe4 15. Bh3+ Kb8 16. Qc4 Nc2+ 17. Kd2 Qxc4 18. Bg2 Nxa1 19. Rc1 Rxd5+ {GavilaQuentin a abandonné} 0-1

[Event "Tournament 14472 - Europe Echecs"]
[Site "Europe Echecs"]
[Date "2020.07.10"]
[Round "7"]
[Time "17:16:57"]
[PlyCount "95"]
[White "DrieuHugo"]
[Black "BorissovVictor"]
[WhiteElo "1425"]
[BlackElo "1162"]
[Mode "WEB"]
[Result "0-1"]

1. e4 c5 2. Nf3 d6 3. g3 e5 4. d3 Nf6 5. Bg2 Be7 6. O-O Be6 7. Ng5 Bd7 8. f4 Nc6
9. Nd2 h6 10. Ngf3 Qc7 11. c3 O-O-O 12. h3 Kb8 13. Nc4 exf4 14. Bxf4 Nh5 15. e5
Nxf4 16. gxf4 d5 17. Ne3 Qc8 18. Kh2 Be6 19. f5 Bxf5 20. Nh4 Be6 21. Nhf5 Bf8
22. d4 g6 23. Ng3 cxd4 24. cxd4 h5 25. Rc1 Bh6 26. Rc3 Qd7 27. Ne2 g5 28. Ng3 g4
29. Ngf5 Bf8 30. h4 Ne7 31. Qd3 Nxf5 32. Nxf5 Be7 33. Kg3 Bxf5 34. Rxf5 f6 35.
exf6 Qd6+ 36. Kf2 Bxf6 37. Rxd5 Bxh4+ 38. Kg1 Qf6 39. Rdc5 Qf2+ 40. Kh1 Qe1+ 41.
Kh2 Qe7 42. Qc2 Qd6+ 43. Kg1 Qd7 44. Rd5 Qe7 45. Rcc5 Rxd5 46. Rxd5 Qe3+ 47. Qf2
Qxf2+ {DrieuHugo a perdu au temps} 0-1

[Event "Tournament 14472 - Europe Echecs"]
[Site "Europe Echecs"]
[Date "2020.07.10"]
[Round "7"]
[Time "17:16:57"]
[PlyCount "109"]
[White "MaufroyAlexand"]
[Black "ChareyreSylvai"]
[WhiteElo "1424"]
[BlackElo "1081"]
[Mode "WEB"]
[Result "0-1"]

1. e4 d5 2. exd5 Nf6 3. Nc3 Nxd5 4. Nxd5 Qxd5 5. d4 Nc6 6. Nf3 Bf5 7. Be3 O-O-O
8. c3 e5 9. Qa4 e4 10. Ne5 Nxe5 11. dxe5 a6 12. Bc4 Qxe5 13. Bxa6 bxa6 14. Qxa6+
Kd7 15. Rd1+ Bd6 16. Bd4 Qe6 17. Qb5+ Ke7 18. Qc6 Rhe8 19. Bc5 Kf8 20. Bxd6+
Rxd6 21. Qxc7 Rxd1+ 22. Kxd1 Bg4+ 23. Kc2 Qxa2 24. Qc5+ Kg8 25. h3 Qa4+ 26. Kb1
Be6 27. Rc1 Bb3 28. Qa3 Qxa3 29. bxa3 h6 30. Re1 f5 31. Kb2 Bc4 32. a4 Ra8 33.
Ka3 g6 34. Rb1 Kf7 35. Kb4 Bd3 36. Rb2 Rb8+ 37. Ka3 Rxb2 38. Kxb2 Ke6 39. Kb3
Kd5 40. Kb4 Kc6 41. c4 f4 42. a5 e3 43. fxe3 fxe3 44. Kc3 Bxc4 45. g4 e2 46. Kd2
Ba6 47. h4 Kc5 48. g5 hxg5 49. hxg5 Kb4 50. Ke1 Kxa5 51. Kd2 Kb4 52. Ke1 Kc5 53.
Kd2 Kd5 54. Ke3 e1=Q+ {MaufroyAlexand a abandonné} 0-1

[Event "Tournament 14472 - Europe Echecs"]
[Site "Europe Echecs"]
[Date "2020.07.10"]
[Round "7"]
[Time "17:16:57"]
[PlyCount "85"]
[White "LeonardyBatist"]
[Black "PiquardYarosla"]
[WhiteElo "1177"]
[BlackElo "1415"]
[Mode "WEB"]
[Result "0-1"]

1. e4 c6 2. d4 d5 3. Nc3 dxe4 4. Nxe4 Bf5 5. Ng3 Bg6 6. h4 h6 7. Nf3 Nf6 8. h5
Bh7 9. Bd3 Bxd3 10. Qxd3 e6 11. Bd2 Nbd7 12. Ne4 Nxe4 13. Qxe4 Nf6 14. Qe2 Qb6
15. O-O-O Be7 16. Ne5 Rd8 17. Be3 Qa5 18. Kb1 Nd5 19. Bd2 Qb6 20. c4 Ba3 21. Bc1
Nc3+ 22. Kc2 Nxe2 23. bxa3 Nxd4+ 24. Rxd4 Qxd4 25. Nf3 Qxc4+ 26. Kb1 Qd3+ 27.
Ka1 Rd5 28. Bd2 Rb5 29. a4 Rb6 30. Ba5 Ra6 31. Bd2 Rxa4 32. Rb1 Qc2 33. Rb2 Qd1+
34. Rb1 Qe2 35. Rb3 O-O 36. Rb2 Rd8 37. Rc2 Rxd2 38. Rxd2 Qf1+ 39. Kb2 Qb5+ 40.
Kc1 Rc4+ 41. Kd1 Qb1+ 42. Ke2 Re4# {LeonardyBatist est échec et mat} 0-1

[Event "Tournament 14472 - Europe Echecs"]
[Site "Europe Echecs"]
[Date "2020.07.10"]
[Round "7"]
[Time "17:16:57"]
[PlyCount "129"]
[White "BrunThomas"]
[Black "GlemeeMalo"]
[WhiteElo "1511"]
[BlackElo "1474"]
[Mode "WEB"]
[Result "1/2-1/2"]

1. e4 d5 2. Nf3 dxe4 3. Ng5 Nf6 4. Nc3 Nc6 5. Ngxe4 Nxe4 6. Nxe4 Bf5 7. Ng3 Bg6
8. Bb5 Qd6 9. O-O e5 10. Re1 f6 11. d3 Be7 12. Qf3 O-O 13. Bxc6 bxc6 14. a4 c5
15. b3 Rfd8 16. Ba3 Qd4 17. Qc6 Bd6 18. Ne4 Bxe4 19. dxe4 Qc3 20. Rac1 c4 21.
Bxd6 cxd6 22. Qd5+ Kh8 23. Re3 Qb2 24. Rce1 Qxc2 25. bxc4 Qxa4 26. Rg3 Rac8 27.
Qf7 Rd7 28. Qe6 Rdc7 29. Qxd6 Qxc4 30. h3 Qc5 31. Qd5 Qxd5 32. exd5 Rc1 33. Rxc1
Rxc1+ 34. Kh2 Rd1 35. Ra3 Rxd5 36. Rxa7 Kg8 37. Kg3 h6 38. Kg4 Kh7 39. g3 Kg6
40. Ra6 h5+ 41. Kf3 Kf5 42. Ra4 g5 43. Rb4 Rd4 44. Rb8 e4+ 45. Kg2 Ke5 46. Rh8
h4 47. gxh4 gxh4 48. Rxh4 Rd7 49. Rh8 Rg7+ 50. Kf1 Kf4 51. Rh4+ Kf5 52. Rh5+ Kf4
53. Rh4+ Kf5 54. Rh5+ Kf4 55. Rh6 Ke5 56. Ke2 f5 57. h4 Kf4 58. Rh8 Kg4 59. h5
Rg5 60. h6 Rh5 61. Rg8+ Kf4 62. Rh8 Ke5 63. h7 Kf6 64. Rf8+ Kg7 {Nulle par accord mutuel} 1/2-1/2

[Event "Tournament 14472 - Europe Echecs"]
[Site "Europe Echecs"]
[Date "2020.07.10"]
[Round "7"]
[Time "17:16:57"]
[PlyCount "91"]
[White "HeauMaxime"]
[Black "DelageJonas"]
[WhiteElo "1315"]
[BlackElo "1491"]
[Mode "WEB"]
[Result "0-1"]

1. e4 a6 2. d4 e6 3. Nf3 d5 4. e5 c5 5. c3 Nc6 6. Be2 f6 7. O-O fxe5 8. Nxe5
Nxe5 9. dxe5 Ne7 10. Bg5 h6 11. Bxe7 Bxe7 12. f4 O-O 13. Bh5 Bd7 14. Qg4 Qb6 15.
b3 c4+ 16. Kh1 cxb3 17. axb3 Qxb3 18. Nd2 Qb6 19. Rf3 d4 20. Rg3 g5 21. fxg5
hxg5 22. cxd4 Be8 23. Nf3 Rf5 24. h4 Kg7 25. Nxg5 Bxg5 26. hxg5 Bxh5 27. Qh4 Rh8
28. Rh3 Qd8 29. g4 Bxg4 30. Qxg4 Rxh3+ 31. Qxh3 Qxd4 32. Qh6+ Kf7 33. Qh7+ Ke8
34. Qg8+ Kd7 35. Qh7+ Kc8 36. Rc1+ Kb8 37. Qg8+ Ka7 38. Qxe6 Qe4+ 39. Kg1 Rxg5+
40. Kf1 Qf4+ 41. Ke2 Rg2+ 42. Kd3 Rd2+ 43. Kc3 Qd4+ 44. Kb3 Rb2+ 45. Ka3 Qb4# {HeauMaxime est échec et mat} 0-1

[Event "Tournament 14472 - Europe Echecs"]
[Site "Europe Echecs"]
[Date "2020.07.10"]
[Round "7"]
[Time "17:16:57"]
[PlyCount "62"]
[White "RavenelTangi"]
[Black "ManuelInes"]
[WhiteElo "1463"]
[BlackElo "1230"]
[Mode "WEB"]
[Result "1-0"]

1. c4 e5 2. Nc3 c5 3. g3 Nc6 4. Bg2 d6 5. e3 Nf6 6. Nge2 Bg4 7. O-O Be7 8. h3
Bxe2 9. Qxe2 O-O 10. b3 a6 11. Bb2 b5 12. cxb5 axb5 13. Bxc6 Rb8 14. Nxb5 Qb6
15. Qf3 e4 16. Bxe4 Qxb5 17. d4 cxd4 18. Bxd4 d5 19. Bc2 Bc5 20. Bxf6 gxf6 21.
Qxf6 Rfc8 22. Qh6 Qxf1+ 23. Rxf1 f5 24. Bxf5 Kf7 25. Qxh7+ Kf6 26. Bxc8 Rxc8 27.
Rc1 Ra8 28. Qh6+ Ke5 29. Rxc5 Rxa2 30. Qh5+ Ke4 31. Qxd5# {ManuelInes est échec et mat} 1-0

[Event "Tournament 14472 - Europe Echecs"]
[Site "Europe Echecs"]
[Date "2020.07.10"]
[Round "7"]
[Time "17:16:57"]
[PlyCount "25"]
[White "GuillotYoann"]
[Black "ThibaudetVince"]
[WhiteElo "1157"]
[BlackElo "1450"]
[Mode "WEB"]
[Result "1-0"]

1. b3 Nc6 2. Bb2 d5 3. e3 e5 4. Nf3 e4 5. Nd4 Bd7 6. c4 Bc5 7. Nxc6 Bxc6 8. Bxg7
f6 9. Qh5+ Kd7 10. Bxh8 Qe7 11. cxd5 Bb5 12. Bxb5+ c6 {ThibaudetVince a abandonné} 1-0